Central Library OPAC University of Rajshahi
Normal view MARC view

Entry Topical Term

Number of records used in: 2

001 - CONTROL NUMBER

  • control field: 416

003 - CONTROL NUMBER IDENTIFIER

  • control field: BD-RjUL

005 - DATE AND TIME OF LATEST TRANSACTION

  • control field: 20211228143808.0

008 - FIXED-LENGTH DATA ELEMENTS

  • fixed length control field: 211228|| aca||aabn | a|a d

040 ## - CATALOGING SOURCE

  • Original cataloging agency: BD-RjUL
  • Transcribing agency: BD-RjUL

150 ## - HEADING--TOPICAL TERM

  • Topical term or geographic name entry element: Statistics
  • General subdivision: Graphic methods

670 ## - SOURCE DATA FOUND

  • Source citation: Work cat.: (BD-RjUL)30321: Croxton, Frederick E. (Frederick Emory), 1899- 414, Applied general statistics /, 1968, c1967